000 00476nam a2200133Ia 4500
008 100328s9999 xx 000 0 und d
082 _b24246
100 _aबोरकर लक्ष्मीदास
245 _aप्रीत फुलली नभांतरी
260 _bशांतीदूर्गा
630 _aप्रीत फुलली नभांतरी
730 _aप्रीत फुलली नभांतरी
942 _cBOOK
999 _c517667
_d517664